| 000 | 00490nam a22001937a 4500 | ||
|---|---|---|---|
| 003 | MPLRDC | ||
| 005 | 20220104124124.0 | ||
| 008 | 210129b ||||| |||| 00| 0 eng d | ||
| 020 | _a957-754-468-1 | ||
| 082 | _a801.4 PHS | ||
| 100 | _a彭华生、王才禹 | ||
| 245 |
_a语言艺术分析 _c |
||
| 250 | _a初版 | ||
| 260 |
_a台湾 _b智慧大学出版有限公司 _c1999 |
||
| 300 | _b445 | ||
| 490 | _a心理俱乐部: 8 | ||
| 650 | _a修辞及文法 | ||
| 942 |
_cBK _o801.4 PHS |
||
| 999 |
_c16804 _d16794 |
||